MPA Film Ratings - Statistics

General Stats
  • This quiz has been taken 22 times
  • The average score is 4 of 5
Answer Stats
Hint Answer % Correct
General Audiences G
100%
Parental Guidance Suggested PG
92%
Restricted R
92%
Parental Guidance Strongly Cautioned PG-13
69%
Adults Only NC-17
38%
No matching quizzes found
Score Distribution
Percent of People with Each Score
Percentile by Number Answered
Your Score History
You have not taken this quiz